Score 0/24 Timer 04:00
16 Plays Today
Restaurant % Correct
McDonald's
98.8%
Domino's
97.8%
Starbucks
97.8%
Taco Bell
95.6%
Wendy's
95.5%
Dunkin' Donuts
95.4%
Subway
92.8%
Pizza Hut
90.1%
Dairy Queen
88.4%
Chili's
82.6%
Chick-fil-A
81.7%
Hooters
80.9%
Restaurant % Correct
Applebee's
78.6%
Red Lobster
77.4%
Chipotle
74%
Panera Bread
73.4%
Little Caesars
71.1%
Buffalo Wild Wings
64.2%
Auntie Anne's
49.5%
Firehouse Subs
49.1%
Jamba Juice
44.6%
California Pizza Kitchen
44.6%
Whataburger
42.2%
Qdoba
38%
Remove Ads.
Support Sporcle.
Get the best of Sporcle when you Go Orange. This ad-free experience offers more features, more stats, and more fun while also helping to support Sporcle. Thank you for becoming a member.

You're not logged in!

Compare scores with friends on all Sporcle quizzes.
OR
Log In

Show Comments

Extras

Top Quizzes Today


Score Distribution

Your Account Isn't Verified!

In order to create a playlist on Sporcle, you need to verify the email address you used during registration. Go to your Sporcle Settings to finish the process.

Report this User

Report this user for behavior that violates our Community Guidelines.

Details: